|
|
|
|
| LEADER |
00000nab a2200000 a 4500 |
| 001 |
vtls000770391 |
| 003 |
SK-MaSNL |
| 005 |
20260318114408.0 |
| 008 |
040806c2001 xo o 0 ukr |
| 015 |
|
|
|a SNBRB2001/10-29304
|
| 035 |
|
|
|a CLN000122178
|
| 040 |
|
|
|a SNKBUCL
|b slo
|c SNKBUCL
|e AACR2
|
| 041 |
0 |
|
|a ukr
|
| 044 |
|
|
|a xo
|c SK
|
| 080 |
|
|
|a 325.14:323.15(=875)(091)(048)
|2 1981
|
| 080 |
|
|
|a 323.15(437.6=875)(091)
|2 1981
|
| 080 |
|
|
|a 323.15(477=875)(091)
|2 1981
|
| 245 |
0 |
0 |
|a Knyžka pro Volyns'ku akciu
|c [avtor] -mi-
|
| 300 |
|
|
|b Fotogr.
|
| 648 |
|
7 |
|a 1947
|2 SNK
|9 309318
|
| 650 |
0 |
7 |
|a optanti
|2 SNKPH
|9 328925
|
| 650 |
0 |
7 |
|a Rusíni
|2 SNKPH
|9 4087
|
| 650 |
0 |
7 |
|a Ukrajinci
|2 SNKPH
|9 19025
|
| 651 |
|
7 |
|a Sovietsky zväz
|2 SNKPHgeo
|9 22126
|
| 651 |
|
7 |
|a Ukrajina
|2 SNKPHgeo
|9 168045
|
| 651 |
|
7 |
|a Slovensko
|x dejiny
|2 SNKPHgeo
|9 13278
|
| 655 |
|
7 |
|a recenzie
|2 snkbucl
|9 21907
|
| 773 |
0 |
|
|t Nove žyttja
|g Roč. 51, č. 25-26 (2001), s. 5
|
| 787 |
0 |
8 |
|i Rec.:
|a Vanat, Ivan, 1926-
|t Volyns'ka akcija
|d Prjašiv : SRUSR, 2001
|
| 850 |
|
|
|a Slovenská národná knižnica v Martine
|
| 852 |
|
|
|a SNK
|b KIS3GCP
|
| 958 |
|
|
|a UK
|
| 958 |
|
|
|a SK
|
| 958 |
|
|
|a UA
|
| 958 |
|
|
|a RC
|
| 999 |
|
|
|c 3351747
|d 3353677
|